CSS Code : Code of Safe Practice for Cargo Stowage and Securing, Including revised Guidelines for the Prevention of the Cargo Securing Manual / (Record no. 45)
[ view plain ]
| 000 -LEADER | |
|---|---|
| fixed length control field | 00677nam a2200169Ia 4500 |
| 008 - FIXED-LENGTH DATA ELEMENTS--GENERAL INFORMATION | |
| fixed length control field | 190719s9999||||xx |||||||||||||| ||und|| |
| 020 ## - INTERNATIONAL STANDARD BOOK NUMBER | |
| International Standard Book Number | 9789280115369 |
| Terms of availability | £ 20.00 |
| 040 ## - CATALOGING SOURCE | |
| Original cataloging agency | IMU Kochi |
| 082 04 - DEWEY DECIMAL CLASSIFICATION NUMBER | |
| Classification number | 623.8881 |
| Item number | In821 |
| 110 ## - MAIN ENTRY--CORPORATE NAME | |
| Corporate name or jurisdiction name as entry element | International Maritime Organization |
| 245 #0 - TITLE STATEMENT | |
| Title | CSS Code : Code of Safe Practice for Cargo Stowage and Securing, Including revised Guidelines for the Prevention of the Cargo Securing Manual / |
| Statement of responsibility, etc. | International Maritime Organization |
| 250 ## - EDITION STATEMENT | |
| Edition statement | 3rd ed., 2011 ed. |
| 260 ## - PUBLICATION, DISTRIBUTION, ETC. | |
| Place of publication, distribution, etc. | London : |
| Name of publisher, distributor, etc. | International Maritime Organization , |
| Date of publication, distribution, etc. | 2011 |
| 300 ## - PHYSICAL DESCRIPTION | |
| Extent | vi, 153 p. |
| Other physical details | : ill. |
| Dimensions | ; 21 cm. |
| 650 ## - SUBJECT ADDED ENTRY--TOPICAL TERM | |
| Topical term or geographic name entry element | Cargo handling |
| General subdivision | Safety regulations |
| 942 ## - ADDED ENTRY ELEMENTS (KOHA) | |
| Source of classification or shelving scheme | |
| Koha item type | Books |
| Withdrawn status | Lost status | Damaged status | Not for loan | Collection code | Permanent Location | Current Location | Shelving location | Date acquired | Source of acquisition | Cost, normal purchase price | Full call number | Barcode | Date last seen | Price effective from | Koha item type | Public note | Total Checkouts | Total Renewals | Date last checked out | Source of classification or shelving scheme |
|---|---|---|---|---|---|---|---|---|---|---|---|---|---|---|---|---|---|---|---|---|
| IMO Collection | IMU Kochi Library | IMU Kochi Library | Reference | 2017-03-30 | Excel Books Pvt. Ltd. | 1688.00 | 623.8881 In821 | BK004525 | 2019-07-19 | 2019-07-19 | Books | Shelf-3, Row-4 | ||||||||
| IMO Collection | IMU Kochi Library | IMU Kochi Library | Reference | 2017-03-30 | Excel Books Pvt. Ltd. | 1688.00 | 623.8881 In821 | BK004526 | 2019-10-29 | 2019-07-19 | Books | Shelf-3, Row-4 | 1 | 1 | 2019-10-09 | |||||
| IMO Collection | IMU Kochi Library | IMU Kochi Library | Reference | 2017-03-30 | Excel Books Pvt. Ltd. | 1688.00 | 623.8881 In821 | BK004527 | 2022-09-27 | 2019-07-19 | Books | Shelf-3, Row-4 | 2 | 2022-09-27 | ||||||
| IMO Collection | IMU Kochi Library | IMU Kochi Library | Reference | 2017-03-30 | Excel Books Pvt. Ltd. | 1688.00 | 623.8881 In821 | BK004528 | 2019-07-19 | 2019-07-19 | Books | Shelf-3, Row-4 | ||||||||
| IMO Collection | IMU Kochi Library | IMU Kochi Library | Reference | 2017-03-30 | Excel Books Pvt. Ltd. | 1688.00 | 623.8881 In821 | BK004529 | 2022-09-28 | 2019-07-19 | Books | Shelf-3, Row-4 | 2 | 2022-09-28 | ||||||
| IMO Collection | IMU Kochi Library | IMU Kochi Library | Reference | 2012-06-29 | M/s Sterling Book House (Inv. No. 861 Dt. 2012-08-13) | 1830.00 | 623.8881 In821 | BK000414 | 2019-12-27 | 2019-12-27 | Books | Shelf-3, Row-4 |